书目信息 |
| 题名: |
给小学教师的建议
|
|
| 作者: | 张同善 , 滕纯 主编 | |
| 分册: | ||
| 出版信息: | 北京 教育科学出版社 1988 |
|
| 页数: | 12,436页 | |
| 开本: | 19cm | |
| 丛书名: | 小学教育改革研究丛书 | |
| 单 册: | ||
| 中图分类: | G62 , G629.21 , G420 | |
| 科图分类: | ||
| 主题词: | 小学--教育改革--研究--中国 , 教学理论 | |
| 电子资源: | ||
| ISBN: | 7-5041-0076-5 | |
| 000 | 00808oam2 2200289 450 | |
| 001 | 1532512762 | |
| 005 | 20150127090211.43 | |
| 010 | @a7-5041-0076-5@dCNY4.50 | |
| 091 | @a7232.382 | |
| 100 | @a20020717d1988 em y0chiy0110 ea | |
| 101 | 0 | @achi |
| 102 | @aCN@b110000 | |
| 105 | @ay z 000yy | |
| 200 | 1 | @a给小学教师的建议@9gei xiao xue jiao shi de jian yi@f张同善, 滕纯主编 |
| 210 | @a北京@c教育科学出版社@d1988 | |
| 215 | @a12,436页@d19cm | |
| 225 | 2 | @a小学教育改革研究丛书 |
| 461 | 0 | @12001 @a小学教育改革研究丛书 |
| 606 | 0 | @a小学@x教育改革@x研究@y中国 |
| 606 | 0 | @a教学理论 |
| 690 | @aG62@v5 | |
| 690 | @aG629.21@v5 | |
| 690 | @aG420@v4 | |
| 701 | 0 | @a张同善@9zhang tong shan@4主编 |
| 701 | 0 | @a滕纯@9teng chun@4主编 |
| 801 | 0 | @aCN@bTSSF@c20150127 |
| 905 | @aZUCC@dG420@eJY208 | |
| 给小学教师的建议/张同善, 滕纯主编.-北京:教育科学出版社,1988 |
| 12,436页;19cm.-(小学教育改革研究丛书) |
| ISBN 7-5041-0076-5:CNY4.50 |
| ● |
| 相关链接 |
|
|
|
|
正题名:给小学教师的建议
索取号:G420/JY208
 
预约/预借
| 序号 | 登录号 | 条形码 | 馆藏地/架位号 | 状态 | 备注 |
| 1 | 7837978 | 278379782 | 学院路分馆/ [索取号:G420/JY208] | 在馆 |